<?xml version="1.0" encoding="UTF-8"?>
<collection xmlns="http://www.loc.gov/MARC21/slim">
    <record>
        <controlfield tag="001">75413</controlfield>
        <controlfield tag="005">20181009125308.0</controlfield>
        <datafield tag="024" ind1="7" ind2=" ">
            <subfield code="2">doi</subfield>
            <subfield code="a">10.5565/rev/mitologias.205</subfield>
        </datafield>
        <datafield tag="024" ind1="8" ind2=" ">
            <subfield code="2">sideral</subfield>
            <subfield code="a">107748</subfield>
        </datafield>
        <datafield tag="037" ind1=" " ind2=" ">
            <subfield code="a">ART-2014-107748</subfield>
        </datafield>
        <datafield tag="041" ind1=" " ind2=" ">
            <subfield code="a">spa</subfield>
        </datafield>
        <datafield tag="100" ind1=" " ind2=" ">
            <subfield code="0">(orcid)0000-0003-3433-1775</subfield>
            <subfield code="a">Mesa Gancedo, Daniel</subfield>
            <subfield code="u">Universidad de Zaragoza</subfield>
        </datafield>
        <datafield tag="245" ind1=" " ind2=" ">
            <subfield code="a">La imagen del yo en la novela-diario femenina del siglo XXI: Todos se van, de Wendy Guerra</subfield>
        </datafield>
        <datafield tag="260" ind1=" " ind2=" ">
            <subfield code="c">2014</subfield>
        </datafield>
        <datafield tag="506" ind1="0" ind2=" ">
            <subfield code="a">Access copy available to the general public</subfield>
            <subfield code="f">Unrestricted</subfield>
        </datafield>
        <datafield tag="520" ind1="3" ind2=" ">
            <subfield code="a">El presente artículo se ocupa de la primera novela de laautora cubana Wendy Guerra, Todos se van (2006), considerándolaun caso para analizar algunos aspectos de la compleja relación que seda entre la escritura diarística (la forma que elige la autora para sutexto) y la narrativa de ficción. En este caso, se analiza la orientaciónautoficcional de la novela (la protagonista comparte muchos rasgoscon la autora) y se considera esa estrategia como un recurso para laconstrucción de una determinada identidad femenina que trasciendela implicación autobiográfica. El trabajo, entonces, indaga en ladialéctica que se establece entre un determinado género textual (lanovela-diario) y la construcción de una identidad de género sexual apartir de la ficción.</subfield>
        </datafield>
        <datafield tag="540" ind1=" " ind2=" ">
            <subfield code="9">info:eu-repo/semantics/openAccess</subfield>
            <subfield code="a">by</subfield>
            <subfield code="u">http://creativecommons.org/licenses/by/3.0/es/</subfield>
        </datafield>
        <datafield tag="655" ind1=" " ind2="4">
            <subfield code="a">info:eu-repo/semantics/article</subfield>
            <subfield code="v">info:eu-repo/semantics/publishedVersion</subfield>
        </datafield>
        <datafield tag="710" ind1="2" ind2=" ">
            <subfield code="1">3002</subfield>
            <subfield code="2">583</subfield>
            <subfield code="a">Universidad de Zaragoza</subfield>
            <subfield code="b">Dpto. Filología Española</subfield>
            <subfield code="c">Área Literatura Española</subfield>
        </datafield>
        <datafield tag="773" ind1=" " ind2=" ">
            <subfield code="g">10 (2014), 145-159</subfield>
            <subfield code="p">Mitol. hoy</subfield>
            <subfield code="t">Mitologías hoy</subfield>
            <subfield code="x">2014-1130</subfield>
        </datafield>
        <datafield tag="856" ind1="4" ind2=" ">
            <subfield code="s">216278</subfield>
            <subfield code="u">http://zaguan.unizar.es/record/75413/files/texto_completo.pdf</subfield>
            <subfield code="y">Versión publicada</subfield>
        </datafield>
        <datafield tag="856" ind1="4" ind2=" ">
            <subfield code="s">68871</subfield>
            <subfield code="u">http://zaguan.unizar.es/record/75413/files/texto_completo.jpg?subformat=icon</subfield>
            <subfield code="x">icon</subfield>
            <subfield code="y">Versión publicada</subfield>
        </datafield>
        <datafield tag="909" ind1="C" ind2="O">
            <subfield code="o">oai:zaguan.unizar.es:75413</subfield>
            <subfield code="p">articulos</subfield>
            <subfield code="p">driver</subfield>
        </datafield>
        <datafield tag="951" ind1=" " ind2=" ">
            <subfield code="a">2018-10-09-11:41:21</subfield>
        </datafield>
        <datafield tag="980" ind1=" " ind2=" ">
            <subfield code="a">ARTICLE</subfield>
        </datafield>
    </record>

    
</collection>